000 00679cam a2200181 a 4500
020 _a0872628884
082 0 0 _a693.82
_bSTR
_cL-39, P-189
100 _aT.t.lie
_945561
245 0 0 _aStructural fire protection /
_cT.T. Lie, editor ; prepared by the ASCE Committee on Fire Protection, Structural Division, American Society of Civil Engineers.
260 _aNew York, N.Y. :
_bAmerican Society of Civil Engineers,
_cc1992.
300 _a241 p. :
_bill. ;
_c24 cm.
526 _a0
_b0
_c0
_d693_820000000000000_STR
650 0 _aFire prevention.
_92838
650 0 _aMCE
_9379
700 1 _aLie, T. T.
_945562
710 2 _aAmerican Society of Civil Engineers.
_9702
942 _2ddc
_cBK
999 _c549048
_d549048